Normal view
MARC view
Entry Personal Name
001 - CONTROL NUMBER
- control field: 1134226
003 - CONTROL NUMBER IDENTIFIER
- control field: OSt
005 - DATE AND TIME OF LATEST TRANSACTION
- control field: 20260320201105.0
008 - FIXED-LENGTH DATA ELEMENTS
- fixed length control field: 260320|| aca||aabn | a|a d
040 ## - CATALOGING SOURCE
- Original cataloging agency: OSt
- Transcribing agency: OSt
100 ## - HEADING--PERSONAL NAME
- Personal name: Helszajn
670 ## - SOURCE DATA FOUND
- Source citation: Work cat.: (OSt)1718804: Helszajn, Microwave Polarizers, Power Dividers, Phase Shifters, Circulators, and Switches
